ADMINISTRACI?N DE RECURSOS HUMANOS (Registro nro. 26945)
[ vista simple ]
| 000 -LEADER | |
|---|---|
| fixed length control field | 00989nam a2200193 a 4500 |
| 001 - CONTROL NUMBER | |
| control field | 26945 |
| 005 - DATE AND TIME OF LATEST TRANSACTION | |
| control field | 20180713225552.0 |
| 008 - FIXED-LENGTH DATA ELEMENTS--GENERAL INFORMATION | |
| fixed length control field | 140415s2000 ck 000 0 spa d |
| 020 ## - INTERNATIONAL STANDARD BOOK NUMBER | |
| International Standard Book Number | 8522420041 |
| 041 ## - LANGUAGE CODE | |
| Language code of text/sound track or separate title | spa |
| 082 ## - DEWEY DECIMAL CLASSIFICATION NUMBER | |
| Classification number | 658.301 |
| Item number | CHIA |
| 100 1# - MAIN ENTRY--PERSONAL NAME | |
| Personal name | CHIAVENATO, IDALBERTO |
| 245 10 - TITLE STATEMENT | |
| Title | ADMINISTRACI?N DE RECURSOS HUMANOS |
| 250 ## - EDITION STATEMENT | |
| Edition statement | 5? EDICI?N |
| 260 ## - PUBLICATION, DISTRIBUTION, ETC. | |
| Place of publication, distribution, etc. | COLOMBIA : |
| Name of publisher, distributor, etc. | MC GRAW HILL, |
| Date of publication, distribution, etc. | 2000 |
| 300 ## - PHYSICAL DESCRIPTION | |
| Extent | 699 |
| Dimensions | 19 x 4 x 24 |
| 520 ## - SUMMARY, ETC. | |
| Summary, etc. | EL AMBIENTE COMPETITIVO DE LOS NEGOCIOS EXIGE UNA ADMINISTRACI?N EFICAZ DE LOS RECURSOS HUMANOS. LA ESTRUCTURA, LA TECNOLOG?A, LOS RECURSOS FINANCIEROS Y MATERIALES SON ASPECTOS F?SICOS E INERTES QUE REQUIEREN SER ADMINISTRADOS DE MANERA INTELIGENTE POR LAS PERSONAS QUE CONFORMAN LA ORGANIZACI?N. UNO DE LOS FACTORES QUE INCIDE EN LA DIN?MICA DE LAS ORGANIZACIONES ES LAS PERSONAS. SON ELLAS LAS PORTADORAS DE LA INTELIGENCIA QUE MANTIENE ACTIVA Y ORIENTA A CUALQUIER ORGANIZACI?N. LAS CU |
| 650 14 - SUBJECT ADDED ENTRY--TOPICAL TERM | |
| Topical term or geographic name entry element | RECURSOS HUMANOS |
| Withdrawn status | Lost status | Source of classification or shelving scheme | Damaged status | Not for loan | Collection code | Home library | Current library | Shelving location | Date acquired | Source of acquisition | Total Checkouts | Full call number | Barcode | Date last seen | Date last checked out | Price effective from | Koha item type |
|---|---|---|---|---|---|---|---|---|---|---|---|---|---|---|---|---|---|
| Dewey Decimal Classification | General | Tehuacán | Tehuacán | Sala general | 03/12/2013 | Compra | 3 | 658.301 CHIA | 500012 | 08/01/2025 | 14/12/2019 | 03/12/2013 | Libro | ||||
| Descarte | Dewey Decimal Classification | General | Tehuacán | Tehuacán | Sala general | 03/12/2013 | Compra | 658.301 CHIA | 500990 | 24/04/2015 | 24/04/2015 | 03/12/2013 | Libro |